El reto de la igualdad de género: nuevas perspectivas en ética y filosofía política
Guardat en:
| Autor principal: | |
|---|---|
| Format: | Llibre |
| Idioma: | espanyol |
| Publicat: |
Madrid
Biblioteca Nueva
2008
|
| Edició: | 1a. ed |
| Col·lecció: | Colección Razón Social y Sociedad, 82
|
| Matèries: | |
| Etiquetes: |
Afegir etiqueta
Sense etiquetes, Sigues el primer a etiquetar aquest registre!
|
MARC
| LEADER | 00000cam a2200000 a 4500 | ||
|---|---|---|---|
| 001 | UCD0021 | ||
| 003 | CL-VaPUC | ||
| 008 | 151112e20080000sp |||||||||||||||||spa|d | ||
| 020 | |a 9788497428668 | ||
| 082 | 0 | 4 | |a 362.33 |b PUL |2 21 |
| 100 | 0 | |a Puleo, Alicia H |e author |9 583015 | |
| 245 | 1 | 3 | |a El reto de la igualdad de género: nuevas perspectivas en ética y filosofía política |
| 250 | |a 1a. ed | ||
| 300 | |a 380 p | ||
| 942 | |c BK | ||
| 945 | |d 20151112 20:22:00 |a arojas | ||
| 260 | |a Madrid |b Biblioteca Nueva |c 2008 | ||
| 650 | 0 | |a Igualdad de género |9 546896 | |
| 650 | 7 | |a FILOSOFIA POLITICA |2 CL-VaPUC |9 583016 | |
| 650 | 0 | |a Políticas públicas |9 309677 | |
| 650 | 0 | |a Ética |9 255099 | |
| 583 | |a last modification |c 20151112 20:22:00 |k Rodrigo Vera | ||
| 490 | 0 | |a Colección Razón Social y Sociedad, 82 | |
| 999 | |c 361645 |d 361643 | ||
| 952 | |0 0 |1 0 |3 erb |4 0 |6 362_330000000000000_PUL_2008 |7 0 |8 A |9 472250 |a BIBEDU |b BIBEDU |i 524952K |o 362.33 PUL 2008 |p 524952K |r 2019-11-24 |w 2019-11-24 |y BK |z Catalogado en:20151112 |k FIL | ||